[Event "Czech Open GM 2020"]
[Site "Pardubice"]
[Date "2020.09.22"]
[Round "2.3"]
[White "Van Foreest, Lucas"]
[Black "Kueppers, Timo"]
[Result "1-0"]
[WhiteElo "2531"]
[BlackElo "2277"]
[Annotator "TA"]
[PlyCount "77"]
[EventDate "2020.09.21"]
[EventCountry "CZE"]
[SourceTitle "playchess.com"]
[Source "ChessBase"]
[SourceQuality "1"]

{[%evp 13,77,12,10,6,12,7,16,-12,-27,-4,0,0,0,-19,7,-8,-10,-45,-46,-85,-83,-70,-14,-14,-19,-14,-14,-10,-15,-10,-21,-21,-15,-12,93,87,105,126,224,224,215,231,225,229,221,221,227,229,209,147,975,975,1088,1037,29966,29967,29967,29967,6414,6415,5469,5397,29974,29975,29980,29981]} 1. e4 c5 2. c3 Nf6 3. e5 Nd5 4. Nf3 e6 5. d4 cxd4 6. cxd4 d6 7. Bc4 Be7 8. O-O {B22: Sicilian: 2 c3.} O-O 9. Qe2 b6 10. Nbd2 {The position is equal.} Bb7 11. Ne4 Nc6 12. Rd1 Rc8 {[#]} 13. h4 $146 ({Predecessor:} 13. Bg5 Bxg5 14. Nexg5 h6 15. Ne4 dxe5 16. dxe5 Na5 17. b3 Qe7 18. Bxd5 Bxd5 19. Nd6 {1-0 (40) Montalvo,A (2235)-Faulks,N (2080) Mermaid Beach 1997}) 13... Qc7 {[%cal Rd6e5]} 14. exd6 Bxd6 15. Nxd6 (15. Bxd5 $5 exd5 16. Nxd6 Qxd6 17. Re1 $11) 15... Qxd6 16. Bd3 h6 17. a3 Nf4 ({Black should try} 17... Rfd8 $15) 18. Bxf4 $1 $11 Qxf4 19. g3 Qg4 20. Qe3 Ne7 21. Ne5 Qh3 {[%csl Gb7][%cal Rh3h1]} 22. Be4 Bxe4 23. Qxe4 Rfd8 (23... f5 $11 {keeps the balance.} 24. Qe2 f4) 24. Qb7 $1 $36 {[%csl LRa7,LRe7][%mdl 2048] White is in control.} Re8 25. Rac1 {Threatens to win with Rxc8.} Rxc1 (25... Rb8 $16 26. Qxa7 f6) 26. Rxc1 $18 f6 27. Qd7 Rf8 {[#]} 28. Ng6 $1 {[%mdl 512]} Nxg6 29. Rc7 {[%csl Gc7][%cal Rd7g7]} Ne7 30. Qxe7 {[%csl Gc7][%cal Re7g7][%mdl 4096] Endgame KQR-KQR} Qg4 31. Kg2 e5 $2 {[%mdl 8192] [#] Now Black is done in.} (31... Qe4+ $16 32. Kh2 Qg4) 32. d5 $1 e4 33. d6 f5 34. d7 Qf3+ 35. Kg1 Qd1+ 36. Kh2 Qd4 37. Kg2 f4 {[#]} 38. Rc8 $1 {[%mdl 512]} f3+ 39. Kh3 {Accuracy: White = 88%, Black = 55%.} 1-0

[Event "Czech Open GM 2020"]
[Site "Pardubice"]
[Date "2020.09.22"]
[Round "2.4"]
[White "Peycheva, Gergana"]
[Black "Noe, Christopher"]
[Result "0-1"]
[WhiteElo "2270"]
[BlackElo "2519"]
[Annotator "TA"]
[PlyCount "72"]
[EventDate "2020.09.21"]
[EventCountry "CZE"]
[SourceTitle "playchess.com"]
[Source "ChessBase"]
[SourceQuality "1"]

{[%evp 10,72,54,47,45,39,58,47,50,45,62,50,57,64,57,60,79,77,88,91,146,72,64,60,128,87,82,77,94,83,127,39,39,46,68,28,123,151,200,202,195,189,206,146,191,68,40,0,0,-235,-221,-939,-944,-945,-933,-907,-881,-831,-820,-29996,-29997,-29997,-29998,-29998,-29999]} 1. d4 Nf6 2. c4 e6 3. Nc3 Bb4 4. Qc2 O-O 5. e4 Bxc3+ 6. bxc3 d6 {E32: Nimzo-Indian: Classical (4 Qc2): 4...0-0.} 7. Bd3 e5 8. Ne2 Nc6 {White is slightly better.} 9. O-O {[#]} exd4 $146 ({Predecessor:} 9... h6 10. f4 exd4 11. Ng3 Ng4 12. h3 Ne3 13. Bxe3 dxe3 14. Rae1 f6 15. Rxe3 Be6 {½-½ (34) Alvarez Pedraza,A (2551)-Becking,S (2415) Torredembarra 2011}) 10. cxd4 Nb4 11. Qb3 (11. Qd2 {keeps more tension.} Nxd3 12. Qxd3 b6 13. f3 Nh5 14. g4) 11... Nxd3 12. Qxd3 h6 13. Ng3 b6 14. Bb2 Ba6 {[#]} ({Black should try} 14... c6) 15. Rac1 (15. d5 $142 $1) 15... d5 $16 16. exd5 Qxd5 ({Black should play} 16... Re8 $14) 17. Rfd1 Qg5 18. d5 {[%cal Bd4d5,Bd5d6][%mdl 32]} Rfe8 19. Qf3 Ng4 {[#]} 20. Nf5 (20. Qa3 $1 $16) 20... Ne5 $14 21. Bxe5 $1 Rxe5 22. d6 Rf8 (22... Rd8 $11 {keeps the balance.} 23. Ne7+ Kh7) 23. Ne7+ $16 Kh7 24. Qd3+ f5 25. Nd5 {Black must now prevent f4.} Re6 26. h4 Qg4 27. Nxc7 (27. dxc7 $18 {Threatens to win with Qa3.} Bb7 28. c5) 27... Rg6 $1 $14 {[%csl Gg6][%cal Rg4g2]} 28. Qd5 (28. Qg3 $5 Qh5 29. Qh2 Bxc4 30. Nd5 $14) 28... Bc8 29. g3 $2 (29. Rc2 $11 Rd8 30. Rd4) 29... f4 $40 {[%mdl 128] Black attacks with force.} 30. Rd3 $2 (30. Rd4 Qh3 31. Qg2 (31. h5 $2 f3 $19) 31... fxg3 32. Qxh3 gxf2+ 33. Kh2 Bxh3 34. h5 Rxd6 35. Rxd6) 30... fxg3 {[%mdl 64] Discovered Attack} 31. Rxg3 {[#]} Qf4 $1 {[%mdl 576] Double Attack} 32. Rxg6 Qxc1+ ({Not} 32... Kxg6 33. Qg2+ Kh7 34. Rd1 $15) 33. Kg2 {[#]} Qf4 $1 {[%mdl 512]} 34. h5 Qxf2+ {[%mdl 64] Double Attack. Black mates.} 35. Kh1 Qf1+ 36. Kh2 Qh3+ {Accuracy: White = 50%, Black = 75%.} 0-1

[Event "Czech Open GM 2020"]
[Site "Pardubice"]
[Date "2020.09.22"]
[Round "2.5"]
[White "Mendonca, Leon Luke"]
[Black "Degenhard, Simon"]
[Result "1-0"]
[WhiteElo "2490"]
[BlackElo "2271"]
[Annotator "TA"]
[PlyCount "83"]
[EventDate "2020.09.21"]
[EventCountry "CZE"]
[SourceTitle "playchess.com"]
[Source "ChessBase"]
[SourceQuality "1"]

{[%evp 17,83,8,15,23,33,26,15,0,-12,-11,3,6,3,3,5,6,10,0,12,0,6,8,28,0,0,0,46,41,85,90,93,0,0,0,94,81,97,56,71,62,93,53,54,46,47,51,45,24,16,10,18,17,24,0,7,8,145,112,127,120,422,393,586,577,581,585,712,678]} 1. d4 Nf6 2. c4 e6 3. Nf3 d5 4. Bg5 Be7 5. e3 Nbd7 6. Nc3 O-O 7. Qc2 h6 8. Bh4 c5 9. Rd1 Qa5 10. cxd5 {D61: Queen's Gambit Declined: Classical: 7 Qc2.} Nxd5 11. Bxe7 Nxe7 12. Nd2 {The position is equal.} cxd4 13. Nb3 {[#]} Qb6 $146 ({Predecessor:} 13... Qf5 14. Qxf5 Nxf5 15. Nxd4 Nxd4 16. Rxd4 Nb6 17. Be2 e5 18. Rb4 Be6 19. O-O Rfd8 20. Rd1 Nd5 21. Nxd5 {½-½ (21) Maze,S (2573)-Pelletier,Y (2600) France 2008}) 14. Nxd4 Nf6 15. Be2 e5 16. Nf3 Nc6 17. O-O Be6 18. b3 Rac8 19. Qb2 a6 20. Rc1 Rfd8 21. Na4 Qb4 {Threatening ...e4.} 22. Nc5 Bg4 23. a3 $36 {[%mdl 2048] Keeping Black busy.} Qb6 24. Na4 (24. h3 $16 Bh5 25. g4) 24... Qa5 $11 25. Nc5 ({Better is} 25. h3 $11 Bxf3 26. Bxf3) 25... Qb6 $16 26. h3 Bf5 27. b4 {[%cal Bb3b4,Bb4b5,Bb5b6][%mdl 32]} Qc7 28. Nd2 Nd7 29. Ndb3 Nxc5 30. Nxc5 Qe7 31. Rfd1 a5 32. b5 Rxd1+ 33. Bxd1 Nd8 34. Na4 Qd6 35. Bf3 Rxc1+ 36. Qxc1 Bd3 (36... b6 $11 {remains equal.}) 37. b6 {aiming for Qc7.} e4 38. Qc7 Qf6 $2 {[%mdl 8192] [#] This move loses the game for Black.} (38... Qxa3 $16 39. Nc5 (39. Qxd8+ Kh7 $14) 39... Qa1+ 40. Kh2 Nc6) 39. Bg4 $1 $18 Bb5 (39... Qa1+ $142 40. Kh2 Qf6) 40. Nc5 $1 {[%csl LRb7,LRe4] White is clearly winning.} Bc6 41. Bc8 Kh7 42. Nxb7 {Accuracy: White = 79%, Black = 58%.} 1-0

[Event "Czech Open GM 2020"]
[Site "Pardubice"]
[Date "2020.09.22"]
[Round "2.6"]
[White "Ludvik, Tomas"]
[Black "Golubka, Petro"]
[Result "1/2-1/2"]
[WhiteElo "2218"]
[BlackElo "2488"]
[Annotator "TA"]
[PlyCount "126"]
[EventDate "2020.09.21"]
[EventCountry "CZE"]
[SourceTitle "playchess.com"]
[Source "ChessBase"]
[SourceQuality "1"]

{[%evp 9,126,47,54,15,37,9,17,0,28,37,64,61,66,39,54,54,59,27,75,67,76,68,69,70,62,62,64,39,66,68,82,72,121,91,109,108,104,-18,-19,-16,0,-40,-43,-88,-48,-68,29,24,16,18,70,68,68,66,83,71,83,83,83,83,125,119,139,114,118,114,118,106,124,68,69,69,86,90,138,48,42,48,22,0,0,0,0,0,0,0,0,0,0,0,0,0,0,0,0,0,0,0,0,0,0,0,0,0,0,0,0,0,0,0,0,0,0,0,0,0,0,0,0]} 1. d4 f5 2. Bg5 g6 3. e3 Bg7 4. Nc3 h6 5. Bh4 Nf6 6. Bc4 {A80: Dutch Defence: Unusual White second moves.} c6 {[#]} 7. Nf3 $146 ({Predecessor:} 7. Bxf6 Bxf6 8. Qf3 d5 9. Bd3 e6 10. g4 c5 11. gxf5 gxf5 12. Qh5+ Ke7 13. Nf3 {0-1 (47) Born,R (2045)-Heyne,M (2230) Passau 1998}) 7... d5 8. Bd3 Nbd7 9. Ne2 Nf8 10. Bg3 Be6 11. Nf4 Bf7 12. Ne5 g5 13. Nxf7 Kxf7 14. Nh5 e6 15. Nxg7 Kxg7 16. Qe2 Qa5+ 17. c3 Ng6 18. f3 Rae8 19. h4 Nh5 20. Bf2 e5 21. Bxf5 exd4 22. Bxg6 Nf4 23. Qd1 (23. Qc2 $1 $16 Nxg6 24. e4) 23... Kxg6 $11 24. Qxd4 {Hoping for hxg5.} Qb5 {[%csl Gf4][%cal Rb5e2]} 25. h5+ {[#]} Kf7 $1 {[%csl Gf4][%cal Rb5e2][%mdl 512]} 26. Qd2 Nxg2+ 27. Kd1 d4 ({Better is} 27... Re6 $15 28. Kc1 d4 $1 {[%mdl 512]}) 28. cxd4 Qf5 29. Qe2 Rhf8 ({Black should try} 29... Kg7 $11) 30. Rh2 $14 Nf4 31. Qc2 $1 {[%cal Rc2f5]} Qxc2+ 32. Kxc2 Nd5 33. Kd2 Ke6 34. e4 Nb6 35. Ke2 Nc4 36. b3 Nd6 37. Rg2 Rf7 38. Be3 Ref8 {[#]} 39. Rg3 (39. Rf2 $1 $16) 39... Nb5 40. Rc1 Rd7 41. Rc4 Rfd8 {[%cal Rb5d4]} 42. Kd3 (42. d5+ $16 cxd5 43. Rc5) 42... Nxd4 $1 43. Bxd4 c5 $1 {[%cal Rd7d4]} 44. Rxc5 {The position is equal.} Rxd4+ $11 {[%mdl 4096] Endgame KRR-KRR} 45. Kc3 Rd3+ 46. Kb2 Rd2+ 47. Ka3 Rf2 48. Rc7 {Black must now prevent Rh7.} Rd7 49. Rc8 $1 {[%cal Rc8h8] aiming for Rh8.} Rd6 50. Rc7 Ra6+ 51. Kb4 Rb6+ 52. Kc3 Ke5 53. Rf7 Rc6+ 54. Kd3 Rf6 55. Rxf6 Kxf6 {KR-KR} 56. Ke3 Rxa2 {And now ...Ra3 would win.} 57. f4 Rh2 58. fxg5+ hxg5 59. Rf3+ Ke6 60. Rf5 Rxh5 61. Kd4 b6 62. b4 a6 {[%cal Ba7a6,Ba6a5][%mdl 32]} 63. Rd5 a5 {Accuracy: White = 72%, Black = 80%.} 1/2-1/2

[Event "Czech Open GM 2020"]
[Site "Pardubice"]
[Date "2020.09.22"]
[Round "2.7"]
[White "Petr, Martin"]
[Black "Sernecki, Franciszek"]
[Result "1-0"]
[WhiteElo "2484"]
[BlackElo "2248"]
[Annotator "TA"]
[PlyCount "53"]
[EventDate "2020.09.21"]
[EventCountry "CZE"]
[SourceTitle "playchess.com"]
[Source "ChessBase"]
[SourceQuality "1"]

{[%evp 9,53,19,29,25,18,17,23,-8,-11,-12,-20,-2,-15,-32,83,70,225,207,215,223,212,202,197,201,224,194,184,190,185,193,320,287,316,299,385,388,423,347,371,367,365,358,478,470,460,470]} 1. e4 c6 2. Nf3 d5 3. Nc3 Nf6 4. e5 Ne4 5. Ne2 Qb6 {[%csl Ge4][%cal Rb6f2] [#]} 6. d4 {B11: Caro-Kann: Two Knights Variation.} e6 7. Ng3 c5 8. Bd3 $1 {White has an edge. 8.Bd3 is better than 8.c3.} Nxg3 $1 9. fxg3 cxd4 10. O-O {aiming for Ng5.} Nc6 11. Qe2 {next Ng5 is good for White.} Be7 (11... h6 $15 {stays ahead.}) 12. Ng5 $36 {[%mdl 2048] White is more active.} Nxe5 $2 {Black cannot hold the game after this.} (12... Bxg5 $14 13. Bxg5 Qc7) 13. Qxe5 $18 f6 14. Qe2 {Black must now prevent Qh5+.} fxg5 {[#]} 15. Qh5+ $146 ({Predecessor:} 15. Bxg5 Bd7 16. Qh5+ g6 17. Bxg6+ Kd8 18. Bf4 Be8 19. Qe5 Rf8 20. Bxh7 Kd7 21. Bd3 Bf6 22. Qe2 Bg6 23. Bh6 Bxd3 24. cxd3 Rf7 25. Qh5 Ke7 26. g4 {1-0 (26) Forcen Esteban,D (2528)-Cruz Lledo,P (2432) Las Palmas 2017}) 15... Kd8 16. Bxg5 Bd7 17. Rf7 Bxg5 18. Qxg5+ {[%mdl 64] [#] Double Attack} Kc7 19. Qxg7 Rhd8 (19... Rag8 $142 20. Qe5+ (20. Rxd7+ Kc8 $11) 20... Qd6 21. Qxd4 Kb8) 20. Re1 Rac8 21. Qe5+ ({Resist} 21. Qxh7 Kc6 $18) ({Less strong is} 21. Bxh7 d3+ 22. Kh1 dxc2 $16) 21... Qd6 {intending ...Qxe5.} 22. Qxe6 Rf8 23. Qxd6+ Kxd6 24. Rxf8 Rxf8 25. Bxh7 b5 26. h3 b4 27. g4 {Accuracy: White = 100%, Black = 51%.} 1-0

[Event "Czech Open GM 2020"]
[Site "Pardubice"]
[Date "2020.09.22"]
[Round "2.8"]
[White "Pogan, Nikolas"]
[Black "Vrolijk, Liam"]
[Result "1/2-1/2"]
[WhiteElo "2212"]
[BlackElo "2481"]
[Annotator "TA"]
[PlyCount "119"]
[EventDate "2020.09.21"]
[EventCountry "CZE"]
[SourceTitle "playchess.com"]
[Source "ChessBase"]
[SourceQuality "1"]

{[%evp 10,119,8,0,12,14,16,20,14,8,12,-5,0,2,2,17,25,-14,-7,-20,-10,-41,-22,-26,-8,-47,-25,-28,-39,-33,-21,-23,-15,-8,-13,-14,-14,-17,-11,-15,0,-6,2,-23,0,0,4,2,47,-18,-10,-22,-21,-21,-14,-16,-9,-6,0,-21,-21,-27,-1,-4,-4,-14,0,0,23,23,50,-16,0,0,-5,-36,0,0,0,0,0,0,0,0,0,0,0,0,0,0,0,0,9,5,12,0,12,12,12,12,12,12,12,12,12,12,12,0,12,0,12,0]} 1. d4 Nf6 2. Nf3 e6 3. c4 b6 4. g3 Ba6 5. Nbd2 Bb4 6. Qb3 Bxd2+ {E15: Queen's Indian: 4 g3 sidelines, 4 g3 Ba6 and 4 g3 Bb7 early deviations.} 7. Bxd2 O-O 8. Bg2 Bb7 9. O-O d6 {[#]} 10. c5 $146 ({Predecessor:} 10. Rad1 Nbd7 11. Bc3 Be4 12. d5 Nc5 13. Qa3 a5 14. Nd4 exd5 15. f3 Bg6 16. Nc6 {1-0 (40) Lajthajm,B (2494)-Rajkovic,D (2394) Kragujevac 2013}) 10... Bd5 11. Qa3 Nc6 12. Rfd1 Qd7 13. Be1 a5 14. cxb6 cxb6 15. b3 b5 16. Qb2 Qb7 17. a3 Rfc8 18. Nh4 Ne7 19. Bf1 Qd7 20. Rdc1 Rcb8 21. f3 a4 22. b4 Bc4 23. Bh3 d5 24. Ng2 Nc8 25. Nf4 Nd6 26. Nd3 Qe7 27. Nc5 Re8 28. Bf2 Nb7 (28... Nd7 {keeps more tension.} 29. Bg2 f5 30. Rc2 Nb6 31. Qc1 Rac8) 29. Nxb7 (29. Re1 $14) 29... Qxb7 $11 30. Re1 Rac8 31. Rac1 Rc6 32. Rc3 Rec8 33. Rec1 Nd7 34. Qd2 Bb3 35. Bf1 Nb6 36. Rxc6 Rxc6 37. Rc5 Nc4 38. Qc1 Rxc5 39. dxc5 e5 40. e3 (40. f4 $14) 40... Qc6 41. Bxc4 (41. Bg2 {seems wilder.} h5 42. f4 Qe6 43. h3 g6 44. Kh2) 41... Bxc4 42. Qc2 g6 43. Kg2 {The position is equal.} Qe6 44. h3 h5 45. Be1 Kf8 46. Bc3 Ke7 47. Bb2 Kd7 48. Bc3 Kc6 49. Bb2 Kc7 50. Qc3 f6 51. Qc2 Qe8 52. g4 hxg4 53. hxg4 Kc6 54. Kg3 Kd7 55. Qh2 {With the idea Qh7+.} g5 56. Qh7+ Qe7 57. Qf5+ Qe6 58. Qh7+ Qe7 59. Qf5+ Qe6 60. Qh7+ {Accuracy: White = 84%, Black = 92%.} 1/2-1/2

[Event "Czech Open GM 2020"]
[Site "Pardubice"]
[Date "2020.09.22"]
[Round "2.9"]
[White "Kevlishvili, Robby"]
[Black "Ochedzan, Tymon"]
[Result "1-0"]
[WhiteElo "2478"]
[BlackElo "2214"]
[Annotator "TA"]
[PlyCount "109"]
[EventDate "2020.09.21"]
[EventCountry "CZE"]
[SourceTitle "playchess.com"]
[Source "ChessBase"]
[SourceQuality "1"]

{[%evp 15,109,18,9,8,16,10,44,11,60,56,63,63,65,68,65,65,59,68,85,57,122,120,117,123,128,133,157,159,174,157,156,135,133,126,130,129,129,127,130,129,134,119,131,117,156,145,143,151,181,191,193,195,191,163,169,119,341,337,395,384,389,388,397,405,402,386,496,517,510,510,492,491,492,492,578,578,635,689,706,632,1932,2105,5093,5093,29971,29973,29973,29969,29973,29963,29965,29966,29963,12848,7647,7653]} 1. e4 c5 2. Nf3 d6 3. d4 cxd4 4. Nxd4 Nf6 5. Nc3 a6 6. Be3 e5 7. Nf3 Qc7 8. a4 Be6 9. Be2 {B90: Sicilian Najdorf: Unusual White 6th moves, 6 Be3 Ng4 and 6 Be3 e5.} h6 10. O-O Qc6 11. Nd2 {[#] White is slightly better.} d5 $146 ({Predecessor:} 11... Nbd7 12. a5 d5 13. exd5 Nxd5 14. Nxd5 Bxd5 15. Bf3 Bxf3 16. Qxf3 Qxf3 17. Nxf3 Rc8 {1-0 (48) Korneev,O (2594)-Tomerlin,S (2216) Skopje 2017}) 12. exd5 Nxd5 13. Bf3 Nd7 {[%cal Bb8d7,Bd7f6,Bf6e4][%mdl 32]} 14. Nxd5 Bxd5 15. Bxd5 Qxd5 16. Qg4 $36 {[%mdl 2048] Black is under pressure.} Nf6 17. Qg3 O-O-O ({Better is} 17... Bd6 $14) 18. b3 $1 $16 Bd6 19. Nc4 {And now Nb6+ would win.} Bc7 20. Bb6 Ne4 {[#]} 21. Qg4+ $1 ({Don't go for} 21. Qxg7 $2 Rhg8 $19) 21... Kb8 22. Bxc7+ ({Inferior is} 22. Qxg7 Bxb6 23. Nxb6 Qe6 $11) 22... Kxc7 23. Rad1 Nf6 24. Rxd5 ({Much weaker is} 24. Qxg7 $6 Qxd1 25. Qxf6 Qd4 $11) 24... Nxg4 25. Rc5+ Kb8 26. f3 Nf6 27. Rxe5 Rd7 28. Rfe1 Rhd8 29. Re7 b5 30. axb5 axb5 31. Na3 b4 32. Nc4 Kc7 33. Kf2 Nd5 34. Rxd7+ Rxd7 $18 {[%mdl 4096] Endgame KRN-KRN} 35. Ra1 Kb7 $2 {[#] Black cannot hold the game after this.} (35... f6 $16 {was necessary.} 36. Ra6 Kb7) 36. Rd1 $1 Kc7 37. Ne5 Rd6 38. Nxf7 Rd7 39. Ne5 Rd8 40. Nc4 Rd7 41. Ne3 Ne7 42. Rxd7+ Kxd7 {KN-KN} 43. Ke2 Kc6 44. Kd3 Kc5 45. g4 g6 46. h4 Nc6 47. f4 Nd4 48. Ke4 Nc6 49. f5 g5 50. hxg5 hxg5 51. f6 Nd8 52. Ke5 Kc6 53. Nf5 Kd7 54. Nh6 (54. Nd4 $142 Ke8 55. Ne6 Nf7+ 56. Kf5 Nd6+ 57. Kxg5 Kd7 58. Nc5+ Ke8 59. Kg6) 54... Ne6 55. Nf7 {Accuracy: White = 93%, Black = 52%.} 1-0

[Event "Czech Open GM 2020"]
[Site "Pardubice"]
[Date "2020.09.22"]
[Round "2.10"]
[White "Parvanyan, Ashot"]
[Black "Kusa, Jakub"]
[Result "1-0"]
[WhiteElo "2458"]
[BlackElo "2200"]
[Annotator "TA"]
[PlyCount "111"]
[EventDate "2020.09.21"]
[EventCountry "CZE"]
[SourceTitle "playchess.com"]
[Source "ChessBase"]
[SourceQuality "1"]

{[%evp 14,111,0,-4,0,0,6,0,9,22,33,33,33,33,33,37,57,52,70,70,77,89,72,69,56,55,62,44,61,39,42,38,44,49,39,37,64,24,36,37,63,54,113,110,155,110,104,90,96,43,70,60,64,70,98,74,81,78,231,213,216,39,39,0,217,217,217,218,218,227,233,213,234,221,252,250,292,292,254,225,402,399,591,570,851,821,816,838,836,832,1276,1212,6130,8787,6111,6099,2879,3289,1196,1083]} 1. e4 e5 2. Nf3 Nc6 3. d4 exd4 4. Nxd4 Nf6 5. Nxc6 bxc6 6. e5 Qe7 7. Qe2 Nd5 8. h4 d6 {8...a5 is the recent fashion. Played by Anish Giri in August 2020. C45: Scotch Game.} 9. c4 Nb6 10. exd6 Qxe2+ {The position is equal.} 11. Bxe2 cxd6 12. Bf3 Bd7 13. b3 Be7 14. Bg5 {[#]} O-O-O $146 ({Predecessor:} 14... O-O 15. Bxe7 Rfe8 16. Nc3 Rxe7+ 17. Kd2 Rc8 18. Rae1 Be6 19. Re3 Rd7 20. Rc1 Kf8 {1-0 (43) Doring,R (2190)-Smistik,M (2070) Vsetin 1997}) 15. Nc3 Rhe8 16. O-O-O f6 17. Be3 Kb7 18. Kb2 Be6 19. Rhe1 {And now Bxb6 would win.} Bf7 20. Bf4 (20. g4 {is interesting.} Nd7 21. Rg1 Ne5 22. Be2 g5 23. Rh1) 20... d5 21. cxd5 Nxd5 22. Nxd5 Bxd5 23. Bxd5 cxd5 24. Kc2 Bc5 25. f3 Rxe1 26. Rxe1 $11 {[%mdl 4096] Endgame KRB-KRB} Rd7 27. Re8 Bb6 (27... g6 $14) 28. Kd3 Bc7 29. Bd2 Kc6 30. a4 Rd8 31. Re1 (31. Re7 $16) 31... Bd6 32. b4 a6 $1 33. h5 h6 34. g4 Rf8 35. Rc1+ Kd7 $2 {[#]} (35... Kb7 $16) 36. Kd4 $1 $18 Rb8 37. Rb1 $2 (37. Kxd5 $18 {aiming for Rc6.} Bxb4 38. Bf4) 37... Kc6 $14 38. Rc1+ $2 (38. Kd3 $14) 38... Kd7 $18 {Black is on the road to losing.} 39. Kxd5 Bxb4 40. Bf4 Rd8 41. Rc7+ Ke8+ 42. Ke6 Kf8 43. Ra7 a5 44. Bc7 Re8+ 45. Kf5 Re3 46. f4 Ra3 $2 (46... Rc3 47. Kg6 Rc4 48. Bxa5 Bxa5) 47. Rxa5 Rc3 (47... Ke8 {was necessary.}) 48. Ra7 {White is clearly winning.} Bc5 49. Rb7 Ra3 50. a5 Ra4 51. Rb5 Be3 {[#]} 52. Rb4 $3 {[%mdl 512]} Ra2 (52... Rxb4 53. Bd6+) 53. Bd6+ Ke8 54. Ke6 {[%cal Rb4b8]} Ba7 {[#]} 55. Rb7 $1 {[%mdl 64] Double Attack} Re2+ 56. Kf5 {Accuracy: White = 86%, Black = 59%.} 1-0

[Event "Czech Open GM 2020"]
[Site "Pardubice"]
[Date "2020.09.22"]
[Round "2.11"]
[White "Vogel, Roven"]
[Black "Crevatin, Leo"]
[Result "1-0"]
[WhiteElo "2456"]
[BlackElo "2188"]
[Annotator "TA"]
[PlyCount "67"]
[EventDate "2020.09.21"]
[EventCountry "CZE"]
[SourceTitle "playchess.com"]
[Source "ChessBase"]
[SourceQuality "1"]

{[%evp 10,67,0,0,0,0,0,-8,-24,-16,4,-40,-29,-30,-32,-20,-23,-39,-11,-12,-6,-6,0,0,13,0,0,0,0,-18,0,-33,-35,-46,21,21,25,16,15,0,15,18,19,0,0,0,25,25,58,58,35,12,12,14,287,287,294,294,29985,29986]} 1. c4 e6 2. Nf3 d5 3. g3 dxc4 4. Bg2 Nd7 5. O-O Ngf6 6. Qc2 Nb6 {A13: English Opening: 1...e6.} 7. a4 a5 8. Na3 Bxa3 {The position is equal.} 9. Rxa3 O-O {[#]} 10. b3 $146 ({Predecessor:} 10. e4 e5 11. Nxe5 Qd4 12. Qc3 Qxc3 13. Rxc3 Be6 14. d4 Nxa4 15. Ra3 b5 16. f4 {1-0 (40) Wei,Y (2738)-Ponomariov,R (2699) Danzhou 2017}) 10... cxb3 11. Qxb3 Nbd5 12. Ra1 b6 13. Ba3 Re8 14. d4 Bb7 15. Ne5 Nd7 16. Nd3 Qb8 17. e4 N5f6 18. Rfe1 Qa7 19. Nf4 c5 20. e5 (20. d5 {with more complications.} exd5 21. Nxd5 Nxd5 22. exd5 Rad8 23. Bb2) 20... Bxg2 $1 21. exf6 Bd5 (21... Bc6 $15 22. fxg7 Qb7 23. dxc5 e5) 22. Nxd5 $11 exd5 23. dxc5 bxc5 24. Re7 Rxe7 25. fxe7 Nf6 26. Re1 Re8 27. Qe3 d4 28. Qe5 $36 {[%mdl 2048] White fights for an advantage.} c4 29. Bc5 {[%mdl 64] [#] Double Attack} Qd7 {White must now prevent ...d3.} 30. Bxd4 Qxa4 31. Bc3 Ra8 $2 {[%mdl 8192]} (31... Qd7 $11) 32. Re4 $18 {Hoping for Rd4.} Ne8 33. Qd5 Qc2 $2 {[#]} (33... Ra7 $18 34. Qd8 (34. Rxc4 Qd7 $14) 34... Qd7) 34. Qxa8 {Accuracy: White = 91%, Black = 66%.} 1-0

[Event "Czech Open GM 2020"]
[Site "Pardubice"]
[Date "2020.09.22"]
[Round "2.12"]
[White "Jedlicka, Ales"]
[Black "Zwardon, Vojtech"]
[Result "0-1"]
[WhiteElo "2197"]
[BlackElo "2455"]
[Annotator "TA"]
[PlyCount "76"]
[EventDate "2020.09.21"]
[EventCountry "CZE"]
[SourceTitle "playchess.com"]
[Source "ChessBase"]
[SourceQuality "1"]

{[%evp 14,76,0,0,0,-20,0,-4,-4,-25,-14,-63,-45,-62,-60,-57,-53,-87,-27,-39,-29,-69,-68,-70,-71,-59,-21,-23,-30,-29,-27,-30,-30,-30,-29,-19,-21,-38,-36,-209,-66,-333,-196,-173,-173,-180,-176,-184,-158,-322,-318,-282,-281,-325,-310,-584,-551,-872,-934,-911,-923,-706,-558,-29980,-29981]} 1. d4 Nf6 2. c4 e6 3. Nc3 Bb4 4. e3 O-O 5. Nge2 d5 6. a3 Be7 7. cxd5 exd5 8. Nf4 Re8 {E46: Nimzo-Indian: Rubinstein: 4 e3 0-0 5 Ne2 without early Bd3.} 9. Be2 c6 10. O-O Bd6 {The position is equal.} 11. Nd3 Nbd7 12. b4 Ne4 13. Nxe4 {[#]} dxe4 $146 ({Predecessor:} 13... Rxe4 14. Bf3 Re8 15. Bb2 Nb6 16. Nc5 Nc4 17. Bc3 b6 18. Nd3 Qg5 19. Re1 Bf5 {½-½ (35) Gebhardt,U (2193)-Boguslavsky,O (2417) Germany 2007}) 14. Nc5 Nf6 15. f3 Qc7 (15... exf3 $17 16. Bxf3 Qc7) 16. f4 $11 a5 17. Bd2 b6 18. Na4 axb4 19. axb4 Bd7 20. Qb3 Ra7 21. Nc3 b5 22. d5 Rxa1 23. Rxa1 Qb6 $36 {[%mdl 2048] Hoping for ...Bxf4. Black has some pressure.} 24. dxc6 Bxc6 {next ...Rd8 is good for Black.} 25. g3 Rd8 26. Rd1 $2 {[#]} (26. Be1 $15) 26... Bxb4 (26... Bxf4 $1 $19 {[%mdl 512] ...Rxd2! is the strong threat.} 27. Kf1 (27. gxf4 $2 Rxd2 28. Kf2 Ng4+ 29. Ke1 Rxd1+ 30. Nxd1 Nxh2 $19) 27... Be5) 27. Nb1 $2 {[%mdl 8192]} ({Don't go for} 27. Qxb4 $2 Rxd2 28. Kf2 Ng4+ 29. Ke1 Rxd1+ 30. Nxd1 Nxe3 $19) (27. Nd5 $15 Nxd5 28. Bxb4) 27... Bxd2 (27... Bc5 $142 28. Kf2 b4) 28. Rxd2 $19 Rxd2 29. Nxd2 Qc5 30. Kf2 h5 31. Bd1 $2 (31. h3 $17) 31... Bd5 32. Qb2 b4 33. h3 Be6 34. Nb3 $2 (34. Qc2 Qf5 35. g4 hxg4 36. Bxg4 Nxg4+ 37. hxg4 Qxg4 38. Qxe4) 34... Qf5 35. Nd2 Qxh3 {aiming for ...Qh2+.} 36. Nf1 Bc4 {[%csl Gc4][%cal Rh3f1]} 37. Be2 Ng4+ 38. Ke1 Qg2 {Accuracy: White = 41%, Black = 76%.} 0-1